|
|
|
|
| LEADER |
00000nab a2200000 a 4500 |
| 001 |
vtls000632517 |
| 003 |
SK-MaSNL |
| 005 |
20260302184548.0 |
| 008 |
160324c1997 xo 0 slo |
| 015 |
|
|
|a SNBRB19rr/mm-uuuuu
|
| 035 |
|
|
|a CL0632656
|
| 040 |
|
|
|a SNKBUCL
|b slo
|c SNKBUCL
|e AACR2
|
| 041 |
0 |
|
|a slo
|
| 044 |
|
|
|a xo
|c SK
|
| 080 |
|
|
|a 793.32.091.4:793.3-053.2
|2 1981
|
| 080 |
|
|
|a 793.3-053.2
|2 1981
|
| 100 |
1 |
|
|a Graňo, Feri
|4 aut
|9 898461
|
| 245 |
1 |
0 |
|a MČR Dnace Show - Disco Dance detí
|c Feri Graňo
|
| 300 |
|
|
|b Fotogr. 1
|
| 650 |
0 |
7 |
|a tanec moderný detský
|2 snkbucl
|9 893802
|
| 655 |
|
7 |
|a články z novín a časopisov
|2 snkbucl
|9 267496
|
| 773 |
0 |
|
|t Národná osveta
|g Roč. 7, č. 9 (1997)
|
| 773 |
0 |
|
|t [Príl.] Svet tanca
|g Roč. 3, č. 2 (1997), s. 6
|
| 850 |
|
|
|a Slovenská národná knižnica v Martine
|a MTA001
|
| 852 |
|
|
|a SNK
|b KIS3GCP
|
| 958 |
|
|
|a CZ
|
| 958 |
|
|
|a RK
|
| 958 |
|
|
|a RBX
|
| 999 |
|
|
|c 1425970
|d 1427900
|